Business psychology and organisational behaviour :a student's handbook / (Record no. 2126)

000 -LEADER
fixed length control field 01171cam a22003134a 4500
001 - CONTROL NUMBER
control field 11873807
003 - CONTROL NUMBER IDENTIFIER
control field OSt
005 - DATE AND TIME OF LATEST TRANSACTION
control field 20160613095222.0
008 - FIXED-LENGTH DATA ELEMENTS--GENERAL INFORMATION
fixed length control field 991221s2000 enka b 001 0 eng
010 ## - LIBRARY OF CONGRESS CONTROL NUMBER
LC control number 99086535
020 ## - INTERNATIONAL STANDARD BOOK NUMBER
International Standard Book Number 0863776671 (pbk.)
040 ## - CATALOGING SOURCE
Original cataloging agency DLC
Transcribing agency DLC
Modifying agency DLC
042 ## - AUTHENTICATION CODE
Authentication code pcc
050 00 - LIBRARY OF CONGRESS CALL NUMBER
Classification number HF5548.8.M384 2000
082 00 - DEWEY DECIMAL CLASSIFICATION NUMBER
Classification number 158.7
Edition number 21
100 1# - MAIN ENTRY--PERSONAL NAME
Personal name McKenna, Eugene F.
245 10 - TITLE STATEMENT
Title Business psychology and organisational behaviour :a student's handbook /
Statement of responsibility, etc Eugene McKenna.
246 3# - VARYING FORM OF TITLE
Title proper/short title Business psychology and organisational behaviour
250 ## - EDITION STATEMENT
Edition statement 3rd ed.
260 ## - PUBLICATION, DISTRIBUTION, ETC. (IMPRINT)
Place of publication, distribution, etc East Sussex, BN3 ;
-- Philadelphia :
Name of publisher, distributor, etc Psychology Press,
Date of publication, distribution, etc 2000.
300 ## - PHYSICAL DESCRIPTION
Extent xxii, 698 p. :
Other physical details ill. ;
Dimensions 25 cm.
504 ## - BIBLIOGRAPHY, ETC. NOTE
Bibliography, etc Includes bibliographical references (p. [631]-679) and indexes.
650 #0 - SUBJECT ADDED ENTRY--TOPICAL TERM
Topical term or geographic name as entry element Psychology, Industrial.
650 #0 - SUBJECT ADDED ENTRY--TOPICAL TERM
Topical term or geographic name as entry element Organizational behavior.
856 42 - ELECTRONIC LOCATION AND ACCESS
Materials specified Publisher description
Uniform Resource Identifier <a href="http://www.loc.gov/catdir/enhancements/fy0652/99086535-d.html">http://www.loc.gov/catdir/enhancements/fy0652/99086535-d.html</a>
906 ## - LOCAL DATA ELEMENT F, LDF (RLIN)
a 7
b cbc
c orignew
d 1
e ocip
f 19
g y-gencatlg
942 ## - ADDED ENTRY ELEMENTS (KOHA)
Source of classification or shelving scheme
Koha item type Book
Holdings
Withdrawn status Lost status Source of classification or shelving scheme Damaged status Not for loan Home library Current library Shelving location Date acquired Total Checkouts Full call number Barcode Date last seen Copy number Price effective from Koha item type
          Riara University Library Riara University Library General stack 13/06/2016   HF5548.8.M384 2000 5884/15 13/06/2016 C.1 13/06/2016 Book

Riara University Library,
P.O. Box 49940-00100,
Nairobi, Kenya.